Teoría monetaria y política físcal (Registro nro. 4511)

Detalles MARC
000 -LEADER
fixed length control field 00640 a2200217 4500
001 - CONTROL NUMBER
control field 47982
005 - DATE AND TIME OF LATEST TRANSACTION
control field 20260407155746.0
008 - FIXED-LENGTH DATA ELEMENTS--GENERAL INFORMATION
fixed length control field 260407a1968 arg spa d
003 - CONTROL NUMBER IDENTIFIER
control field AR-UNSa-BCEJYS
040 ## - CATALOGING SOURCE
Original cataloging agency AR-UNSa-BCEJYS
Language of cataloging spa
Transcribing agency AR-UNSa-BCEJYS
080 ## - UNIVERSAL DECIMAL CLASSIFICATION NUMBER
Universal Decimal Classification number 336.74
Common auxiliary subdivision Moneda. Sistema monetario
100 1# - MAIN ENTRY--PERSONAL NAME
Personal name Hansen, Alvin H.
245 10 - TITLE STATEMENT
Title Teoría monetaria y política físcal
250 ## - EDITION STATEMENT
Edition statement 2a.ed.
264 #1 - PRODUCTION, PUBLICATION, DISTRIBUTION, MANUFACTURE, AND COPYRIGHT NOTICE
Place of production, publication, distribution, manufacture Buenos Aires :
Name of producer, publisher, distributor, manufacturer Fondo de Cultura Económica
Date of production, publication, distribution, manufacture, or copyright notice 1968
300 ## - PHYSICAL DESCRIPTION
Extent 273 p.
Dimensions 21 cm.
590 ## - LOCAL NOTE (RLIN)
Local note niveau_biblio:m niveau_hierar:0
700 1# - ADDED ENTRY--PERSONAL NAME
Personal name Justic de Flores, Alena
700 1# - ADDED ENTRY--PERSONAL NAME
Personal name Flores de la Peña, Horacio
942 ## - ADDED ENTRY ELEMENTS (KOHA)
Koha item type
Existencias
Withdrawn status Lost status Damaged status Not for loan Home library Current library Shelving location Date acquired Total checkouts Full call number Barcode Date last seen Price effective from Koha item type
        Biblioteca Prof. Eusebio Cleto del Rey Biblioteca Prof. Eusebio Cleto del Rey   07/04/2026   336.74 H249 2ed. L26197 07/04/2026 07/04/2026 Libro
        Biblioteca Prof. Eusebio Cleto del Rey Biblioteca Prof. Eusebio Cleto del Rey   07/04/2026   336.74 H249 2ed. L23408 07/04/2026 07/04/2026 Libro